| 000 | 00367 a2200133 4500 | ||
|---|---|---|---|
| 001 | 91957 | ||
| 082 | _aPR 1729 | ||
| 090 |
_c43904 _d43903 |
||
| 100 | _aAbid M Hassan; Prof Farid Gul, Advisor | ||
| 245 |
_aElectric Trim System Modification of Super Mashshak Aircraft _n65 "B" EC |
||
| 260 |
_aRawalpindi _bNUST _c2008 |
||
| 300 | _a50p | ||
| 500 | _aBE Project Report | ||
| 942 |
_aCAE NUST _kPR 1729 |
||
| 999 |
_c327030 _d327030 |
||